Československo a možnosti světových trhů. 2.
Charakteristika potenciálu Československa na svetových trhoch. Pokles ČSFR na svetovom obchodnom rebríčku z 25. až 26. miesta na 31. až 34. Posun čs. obchodnej bilancie z prebytkovej na deficitnú. Vplyv pomeru národnej meny k menám zahraničným na čs. vonkajšie vzťahy. Smery zmien geografickej skladb...
Uložené v:
| Hlavný autor: | |
|---|---|
| Médium: | Kapitola |
| Jazyk: | Czech |
| Predmet: | |
| Tagy: |
Žiadne tagy, Buďte prvý, kto otaguje tento záznam!
|
MARC
| LEADER | 00000naa a2200000 4500 | ||
|---|---|---|---|
| 001 | r001900 | ||
| 005 | 20221125080603.5 | ||
| 041 | 0 | |a cze | |
| 044 | |a [CS] | ||
| 245 | 1 | 0 | |a Československo a možnosti světových trhů. 2. |c I. Angelis |
| 520 | |a Charakteristika potenciálu Československa na svetových trhoch. Pokles ČSFR na svetovom obchodnom rebríčku z 25. až 26. miesta na 31. až 34. Posun čs. obchodnej bilancie z prebytkovej na deficitnú. Vplyv pomeru národnej meny k menám zahraničným na čs. vonkajšie vzťahy. Smery zmien geografickej skladby obchodu ČSFR. | ||
| 610 | 2 | 0 | |a potenciál ekonomický |
| 610 | 2 | 0 | |a trh svetový |
| 610 | 2 | 0 | |a bilancia obchodná |
| 610 | 2 | 0 | |a mena |
| 610 | 2 | 0 | |a vzťahy hospodárske vonkajšie |
| 610 | 2 | 0 | |a obchod zahraničný |
| 610 | 2 | 0 | |a ČSFR |
| 100 | 1 | |a Angelis, I. | |